[Event "Queima das Fitas op"]
[Site "Coimbra"]
[Date "2024.04.25"]
[Round "2"]
[White "Grimm, Daniel"]
[Black "Povshednyy, Denis"]
[Result "1-0"]
[WhiteElo "2296"]
[BlackElo "1845"]
[PlyCount "93"]
[EventDate "2024.04.25"]
[EventType "swiss"]
[EventRounds "7"]
[EventCountry "POR"]
[SourceTitle "CB18_2024"]
[SourceDate "2024.05.01"]
[SourceVersion "1"]
[SourceVersionDate "2024.05.01"]
[SourceQuality "2"]

1. e4 Nc6 2. Nf3 f5 3. e5 e6 4. d4 b6 5. c4 Bb4+ 6. Bd2 Qe7 7. Nc3 Bxc3 8. Bxc3 Bb7 9. Qd2 0-0-0 10. Qg5 h6 11. Qxe7 Ngxe7 12. h4 a5 13. a3 Nb8 14. b4 axb4 15. axb4 d5 16. exd6 cxd6 17. Be2 Rhe8 18. h5 Ng8 19. Rd1 Nf6 20. Kf1 Ne4 21. Bb2 Nd7 22. Nd2 Ndf6 23. Nxe4 Nxe4 24. Rh3 Kc7 25. f3 Ng5 26. Rh1 Ra8 27. Kf2 Ra2 28. Rd2 Rea8 29. Rc1 Kd7 30. d5 exd5 31. cxd5 Bxd5 32. Bb5+ Ke6 33. Rc7 Rxb2 34. Rxb2 Kf6 35. Rd2 Ra2 36. Rxa2 Bxa2 37. Rc6 Ke5 38. Rxb6 Bf7 39. Be2 f4 40. b5 Bxh5 41. Rb8 Ne6 42. b6 Nc5 43. Rc8 Nb7 44. Rc7 Nd8 45. b7 Nxb7 46. Rxb7 g5 47. Rh7 1-0

[Event "AUT-chT2O 2223"]
[Site "Austria"]
[Date "2022.11.19"]
[Round "3.1"]
[White "Schwab, Lukas"]
[Black "Grimm, Daniel"]
[Result "1-0"]
[WhiteElo "2147"]
[BlackElo "2302"]
[PlyCount "119"]
[EventDate "2022.10.15"]
[EventType "team-tourn"]
[EventRounds "11"]
[EventCountry "AUT"]
[SourceTitle "CBM 213 Extra"]
[Source "ChessBase"]
[SourceDate "2023.05.31"]
[SourceVersion "1"]
[SourceVersionDate "2023.05.31"]
[SourceQuality "1"]
[WhiteTeam "Donaustadt"]
[BlackTeam "Bad Voeslau"]
[WhiteTeamCountry "AUT"]
[BlackTeamCountry "AUT"]

1. e4 Nf6 2. e5 Nd5 3. d4 d6 4. c4 Nb6 5. exd6 cxd6 6. Nf3 g6 7. Nc3 Bg7 8. Be3 0-0 9. Be2 Nc6 10. 0-0 Bg4 11. b3 d5 12. c5 Nc8 13. h3 Bxf3 14. Bxf3 e6 15. b4 a6 16. Rb1 N8e7 17. Ne2 Nf5 18. g4 Nxe3 19. fxe3 Qg5 20. Rb3 Rad8 21. Bg2 e5 22. dxe5 Nxe5 23. Nf4 d4 24. Qe2 Rfe8 25. Kh1 Re7 26. Nd5 Red7 27. exd4 Nc6 28. Qf2 Bxd4 29. Qf4 Rxd5 30. Qxf7+ Kh8 31. Qxb7 Ne7 32. Qxa6 Re5 33. c6 Re3 34. c7 Rc8 35. Qd6 Qe5 36. Qxe5+ Rxe5 37. Rd3 Bb6 38. Rd8+ Kg7 39. Rxc8 Nxc8 40. Bb7 Re3 41. Bxc8 Rxh3+ 42. Kg2 Rc3 43. Be6 Rc2+ 44. Kf3 Bxc7 45. Ke3 Be5 46. b5 Rb2 47. Bc4 Kh6 48. Ke4 Bh2 49. Rh1 Kg5 50. b6 Bf4 51. Bb3 Re2+ 52. Kd5 Rd2+ 53. Kc6 Kxg4 54. Rxh7 g5 55. Rd7 Rh2 56. b7 Rh6+ 57. Kb5 Rh8 58. Be6+ Kf3 59. Rf7 g4 60. Bc8 1-0

[Event "Mirandela op 3rd"]
[Site "Mirandela"]
[Date "2022.08.23"]
[Round "9"]
[White "Grimm, Daniel"]
[Black "Chirivi Castiblanco, Jenny Astrid"]
[Result "1-0"]
[WhiteElo "2300"]
[BlackElo "2111"]
[PlyCount "69"]
[EventDate "2022.08.17"]
[EventType "swiss"]
[EventRounds "9"]
[EventCountry "POR"]
[SourceTitle "CBM 209 Extra"]
[Source "ChessBase"]
[SourceDate "2022.09.30"]
[SourceVersion "1"]
[SourceVersionDate "2022.09.30"]
[SourceQuality "1"]

1. e4 c5 2. Nf3 e6 3. c3 Nf6 4. Bd3 d5 5. e5 Nfd7 6. 0-0 Be7 7. Bc2 0-0 8. d4 f5 9. exf6 Nxf6 10. Re1 Qb6 11. Nbd2 cxd4 12. cxd4 Nc6 13. Nf1 Bd7 14. a3 Rae8 15. Qd3 Qa6 16. Qxa6 bxa6 17. b4 Bd6 18. Bb2 Rb8 19. Bd3 a5 20. b5 Nd8 21. a4 Nb7 22. Ne5 Bxe5 23. dxe5 Ng4 24. Bd4 Rbc8 25. f3 Rf4 26. Bxa7 Rc3 27. Be2 Nh6 28. Rec1 Rxc1 29. Rxc1 Rf7 30. g4 Kf8 31. Nd2 Be8 32. Rc8 Re7 33. Nb3 Nf7 34. Bd4 g5 35. Bb2 1-0

[Event "Mirandela op 3rd"]
[Site "Mirandela"]
[Date "2022.08.22"]
[Round "8"]
[White "Starostits, Ilmars"]
[Black "Grimm, Daniel"]
[Result "1-0"]
[WhiteElo "2396"]
[BlackElo "2300"]
[PlyCount "129"]
[EventDate "2022.08.17"]
[EventType "swiss"]
[EventRounds "9"]
[EventCountry "POR"]
[SourceTitle "CBM 209 Extra"]
[Source "ChessBase"]
[SourceDate "2022.09.30"]
[SourceVersion "1"]
[SourceVersionDate "2022.09.30"]
[SourceQuality "1"]

1. d4 d5 2. Nf3 c6 3. e3 Nf6 4. c4 Bg4 5. Nc3 e6 6. Qb3 Qb6 7. Ne5 Bh5 8. c5 Qc7 9. e4 Nbd7 10. Bf4 Nxe5 11. Bxe5 Qc8 12. exd5 Nxd5 13. Ne4 Qd7 14. Bc4 Bg6 15. Nd6+ Bxd6 16. Bxd6 Ne7 17. 0-0 0-0 18. Rfe1 Kh8 19. Rad1 Rfe8 20. g4 Nd5 21. Qg3 f5 22. g5 Bh5 23. Rd3 b5 24. Bb3 Qf7 25. f4 a5 26. a4 b4 27. Qh4 Qg6 28. Kf2 Kg8 29. Bc2 Qf7 30. Rh3 Bg6 31. Bd1 Qd7 32. Qg3 Qf7 33. Qf3 Qd7 34. Rg3 Bf7 35. h4 e5 36. dxe5 Be6 37. h5 Qb7 38. Bb3 Rac8 39. Kg1 Kh8 40. Kh2 Qa6 41. Rh3 Qb7 42. g6 h6 43. Qf1 Red8 44. Bc4 Ra8 45. Rf3 Ra7 46. Rd1 Re8 47. Kg3 Qa8 48. Rd4 Rc8 49. Bd3 Qb7 50. Qf2 Qd7 51. Qd2 Nc7 52. Bf1 Na6 53. Rfd3 Qe8 54. Bg2 Raa8 55. Bf3 Kg8 56. Re3 Ra7 57. Be2 Raa8 58. Bd3 Kh8 59. Qe2 Nc7 60. Bxc7 Rxc7 61. Rd6 Qe7 62. Bc4 Bd5 63. Qd3 Be4 64. Qd4 Rf8 65. Re2 1-0

[Event "Mirandela op 3rd"]
[Site "Mirandela"]
[Date "2022.08.20"]
[Round "5"]
[White "Valderrama Quiceno, Esteban Alberto"]
[Black "Grimm, Daniel"]
[Result "1-0"]
[WhiteElo "2440"]
[BlackElo "2300"]
[PlyCount "155"]
[EventDate "2022.08.17"]
[EventType "swiss"]
[EventRounds "9"]
[EventCountry "POR"]
[SourceTitle "CBM 209 Extra"]
[Source "ChessBase"]
[SourceDate "2022.09.30"]
[SourceVersion "1"]
[SourceVersionDate "2022.09.30"]
[SourceQuality "1"]

1. e4 Nf6 2. e5 Nd5 3. d4 d6 4. Nf3 g6 5. Bc4 Nb6 6. Bb3 Bg7 7. Ng5 e6 8. f4 dxe5 9. fxe5 c5 10. 0-0 0-0 11. c3 cxd4 12. cxd4 Nc6 13. Nf3 f6 14. exf6 Qxf6 15. Be3 Nd5 16. Bf2 Nf4 17. Nbd2 b6 18. Ne4 Qf5 19. Re1 Nh3+ 20. gxh3 Qxf3 21. Qxf3 Rxf3 22. Rad1 Rxf2 23. Kxf2 Nxd4 24. Ng5 Bf6 25. Nf3 Nxb3 26. axb3 Kf7 27. Rc1 Bd8 28. h4 Ke8 29. Kg3 Be7 30. Rcd1 h6 31. Ne5 g5 32. h5 Bf8 33. Nc4 Bd7 34. Nd6+ Bxd6+ 35. Rxd6 Ke7 36. Rd3 a5 37. Rc1 Ra7 38. h4 gxh4+ 39. Kxh4 Be8 40. Rc8 Kf7 41. Rdc3 Re7 42. R8c7 Bd7 43. Rd3 Ke8 44. Rd6 b5 45. Kg3 a4 46. b4 Kd8 47. Ra7 Rf7 48. Rb6 Rf5 49. Rb8+ Ke7 50. Rh8 Rg5+ 51. Kf4 Rf5+ 52. Ke3 Kd6 53. Rxh6 Be8 54. Ra6+ Kd5 55. Raxe6 Bxh5 56. Rc6 Rf3+ 57. Kd2 Rf2+ 58. Kd3 Rf3+ 59. Kc2 Rf2+ 60. Kb1 Be2 61. Rhd6+ Ke5 62. Rd2 Rg2 63. Kc2 Kf4 64. Rc5 Ke3 65. Re5+ Kf3 66. Kc3 Bc4 67. Rxg2 Kxg2 68. Kd4 Kf3 69. Kc5 Kf4 70. Re1 Kf5 71. Kb6 Kf6 72. Ka5 Bd3 73. Re8 Kf7 74. Rb8 Ke6 75. Rxb5 Bxb5 76. Kxb5 Kd7 77. Kb6 Kc8 78. Ka7 1-0

[Event "Mirandela op 3rd"]
[Site "Mirandela"]
[Date "2022.08.18"]
[Round "2"]
[White "Leniart, Arkadiusz"]
[Black "Grimm, Daniel"]
[Result "1-0"]
[WhiteElo "2476"]
[BlackElo "2300"]
[PlyCount "115"]
[EventDate "2022.08.17"]
[EventType "swiss"]
[EventRounds "9"]
[EventCountry "POR"]
[SourceTitle "CBM 209 Extra"]
[Source "ChessBase"]
[SourceDate "2022.09.30"]
[SourceVersion "1"]
[SourceVersionDate "2022.09.30"]
[SourceQuality "1"]

1. e4 d5 2. exd5 Qxd5 3. Nc3 Qa5 4. d4 Nf6 5. Nf3 Bf5 6. Ne5 c6 7. Bc4 e6 8. g4 Bg6 9. h4 Be4 10. 0-0 Bd5 11. Nxd5 cxd5 12. Bd3 Nc6 13. Nxc6 bxc6 14. Bf4 Qd8 15. g5 Bd6 16. Bxd6 Qxd6 17. gxf6 Qf4 18. Re1 gxf6 19. Kf1 Qxh4 20. c3 Qh3+ 21. Ke2 Rb8 22. Rb1 Rg8 23. Qa4 Qg4+ 24. Kd2 Qf4+ 25. Kc2 Rg2 26. Re2 h5 27. Rh1 Rxf2 28. Qxc6+ Kf8 29. Rg1 Rxe2+ 30. Bxe2 Re8 31. Kb3 Qh2 32. Qc5+ Re7 33. Qc8+ Re8 34. Rg8+ Kxg8 35. Qxe8+ Kg7 36. Qb5 h4 37. Qd3 f5 38. Qf3 Kf6 39. Qh5 Qg3 40. Qh8+ Kg5 41. Qg7+ Kf4 42. Qe5+ Kg5 43. Qg7+ Kf4 44. Qxf7 Qe3 45. Qc7+ e5 46. Qxe5+ Qxe5 47. dxe5 Kxe5 48. Bf3 h3 49. Kc2 Kf4 50. Bxd5 Ke3 51. Kd1 f4 52. Bh1 Kf2 53. c4 Kg1 54. Ke1 Kxh1 55. Kf1 a5 56. c5 a4 57. c6 a3 58. bxa3 1-0

[Event "EU Universities Rapid"]
[Site "Lodz"]
[Date "2022.07.17"]
[Round "6.13"]
[White "Prydun, Andriy"]
[Black "Grimm, Daniel"]
[Result "1/2-1/2"]
[WhiteElo "2129"]
[BlackElo "2300"]
[PlyCount "120"]
[EventDate "2022.07.16"]
[EventType "team-swiss (rapid)"]
[EventRounds "9"]
[EventCountry "POL"]
[SourceTitle "CBM 209 Extra"]
[Source "ChessBase"]
[SourceDate "2022.09.30"]
[SourceVersion "1"]
[SourceVersionDate "2022.09.30"]
[SourceQuality "1"]
[WhiteTeam "Lvov Physical Cultur Univ"]
[BlackTeam "Eotvos Lorand Univ"]
[WhiteTeamCountry "UKR"]
[BlackTeamCountry "HUN"]

1. e4 Nf6 2. e5 Nd5 3. Nc3 Nxc3 4. dxc3 Nc6 5. Nf3 d6 6. exd6 Qxd6 7. Be3 Bg4 8. Bb5 a6 9. Qxd6 cxd6 10. Ba4 Bxf3 11. gxf3 e6 12. Ke2 Be7 13. Rhd1 d5 14. Bb3 Bf6 15. Bc5 Rc8 16. Rd2 h5 17. Rad1 h4 18. Bb6 Ne5 19. Bd4 Ke7 20. f4 Nc4 21. Bxc4 Rxc4 22. f5 Rh5 23. fxe6 fxe6 24. f4 Rf5 25. b3 Rc8 26. c4 Rxf4 27. Bxf6+ Rxf6 28. cxd5 exd5 29. Rg1 Kf7 30. Rg4 Re8+ 31. Kd3 Rf3+ 32. Kd4 h3 33. Rh4 Kf6 34. Rd3 Rxd3+ 35. cxd3 Re2 36. Rxh3 Rxa2 37. Kxd5 Rc2 38. d4 g5 39. Rf3+ Kg6 40. h3 b5 41. Ke6 Re2+ 42. Kd6 a5 43. Kc5 a4 44. bxa4 bxa4 45. d5 Rc2+ 46. Kb6 Rd2 47. Kc6 Rc2+ 48. Kd7 Rb2 49. Ra3 Rb3 50. Rxa4 Rxh3 51. Rd4 Kf5 52. Kc6 Ke5 53. Rd1 Rc3+ 54. Kd7 g4 55. d6 g3 56. Ke7 Ra3 57. d7 Ra7 58. Rd3 Kf4 59. Rxg3 Rxd7+ 60. Kxd7 Kxg3 1/2-1/2

[Event "FISU World University"]
[Site "Tornelo INT"]
[Date "2020.10.27"]
[Round "5.10"]
[White "Dai, Changren"]
[Black "Grimm, Daniel"]
[Result "1-0"]
[WhiteElo "2503"]
[BlackElo "2286"]
[PlyCount "127"]
[EventDate "2020.10.26"]
[EventType "team-swiss (rapid)"]
[EventRounds "9"]
[EventCountry "NET"]
[SourceTitle "CBM 199 Extra"]
[Source "ChessBase"]
[SourceDate "2021.01.31"]
[SourceVersion "1"]
[SourceVersionDate "2021.01.31"]
[SourceQuality "1"]
[WhiteTeam "China IV"]
[BlackTeam "Hungary"]
[WhiteTeamCountry "CHN"]
[BlackTeamCountry "HUN"]

1. e4 Nf6 2. e5 Nd5 3. d4 d6 4. c4 Nb6 5. exd6 cxd6 6. Nc3 g6 7. Nf3 Bg7 8. Be3 0-0 9. Rc1 Bg4 10. b3 d5 11. c5 Nc8 12. Be2 Nc6 13. 0-0 e6 14. b4 a6 15. h3 Bxf3 16. Bxf3 N8e7 17. Ne2 Nf5 18. Rb1 Qf6 19. Qd2 Nfxd4 20. Nxd4 Nxd4 21. Bg4 Nf5 22. Bg5 Qd4 23. a4 Qxd2 24. Bxd2 Rfc8 25. Rfc1 Nd4 26. Be3 h5 27. Bd1 Nf5 28. Bd2 Bd4 29. Be2 h4 30. Kf1 Kg7 31. Bd3 Bf6 32. Be2 e5 33. Bg4 e4 34. b5 axb5 35. axb5 Bd4 36. c6 bxc6 37. Rxc6 Rcb8 38. Bf4 Rb7 39. Bxf5 gxf5 40. Rd1 Bb6 41. Be5+ Kh7 42. Rxd5 Ra2 43. Rdd6 f6 44. Rxf6 Rxf2+ 45. Ke1 Be3 46. Rf8 Rg7 47. Bxg7 Kxg7 48. Rd8 Rxg2 49. Rd7+ Kh8 50. Rc8+ Rg8 51. Rxg8+ Kxg8 52. Rd5 Kf7 53. Rxf5+ Ke6 54. Rh5 Bf4 55. Ke2 Bg3 56. Ke3 Kd6 57. Kxe4 Be1 58. Kf3 Kc7 59. Rh6 Kb7 60. Kg4 Bf2 61. Rxh4 Bxh4 62. Kxh4 Kb6 63. Kg5 Kxb5 64. h4 1-0

[Event "FISU World University"]
[Site "Tornelo INT"]
[Date "2020.10.26"]
[Round "3.9"]
[White "Grimm, Daniel"]
[Black "Gomez Sanchez, Jorge Marcos"]
[Result "1/2-1/2"]
[WhiteElo "2286"]
[BlackElo "2352"]
[PlyCount "255"]
[EventDate "2020.10.26"]
[EventType "team-swiss (rapid)"]
[EventRounds "9"]
[EventCountry "NET"]
[SourceTitle "CBM 199 Extra"]
[Source "ChessBase"]
[SourceDate "2021.01.31"]
[SourceVersion "1"]
[SourceVersionDate "2021.01.31"]
[SourceQuality "1"]
[WhiteTeam "Hungary"]
[BlackTeam "Cuba II"]
[WhiteTeamCountry "HUN"]
[BlackTeamCountry "CUB"]

1. e4 c5 2. Nf3 Nc6 3. d4 cxd4 4. Nxd4 g6 5. c4 Nf6 6. Nc3 d6 7. Be2 Nxd4 8. Qxd4 Bg7 9. Bg5 0-0 10. Qe3 Qa5 11. 0-0 Be6 12. Rac1 Rfe8 13. f4 Rac8 14. b3 Qc5 15. Qxc5 Rxc5 16. Bh4 a6 17. a4 Rec8 18. h3 h5 19. Bf2 R5c7 20. Bb6 Rc6 21. Be3 Bh6 22. Bd4 Bg7 23. Be3 Bh6 24. Bd4 Bg7 25. Rcd1 Re8 26. f5 Bd7 27. g4 hxg4 28. hxg4 Nh7 29. Bxg7 Kxg7 30. e5 Rb6 31. Nd5 Rxb3 32. Nxe7 Re3 33. f6+ Kf8 34. Rxd6 Bxa4 35. Bf3 Rxe5 36. Bxb7 Rg5 37. Rf4 Nxf6 38. Nxg6+ Rxg6 39. Rdxf6 Kg8 40. Bd5 Re1+ 41. Kf2 Rxf6 42. Rxf6 Re5 43. Rxa6 Bd7 44. Kf3 Re7 45. Kf4 Be8 46. g5 Kg7 47. c5 Re1 48. c6 Rf1+ 49. Ke5 Re1+ 50. Kd6 Bxc6 51. Rxc6 Rg1 52. Rc7 Rxg5 53. Rxf7+ Kh6 54. Be4 Rg7 55. Rf6+ Kg5 56. Rf1 Ra7 57. Ke5 Re7+ 58. Kd4 Ra7 59. Ke3 Ra3+ 60. Bd3 Ra4 61. Rf5+ Kg4 62. Rf8 Kg5 63. Rf5+ Kg4 64. Rf6 Ra5 65. Rf8 Kg5 66. Rg8+ Kf6 67. Rg6+ Kf7 68. Be4 Ra4 69. Rb6 Ke7 70. Kf4 Ra5 71. Rh6 Rb5 72. Ke3 Ra5 73. Kd4 Rg5 74. Bd5 Rg1 75. Ke5 Rg5+ 76. Kd4 Rg4+ 77. Kc5 Rg1 78. Re6+ Kd7 79. Rf6 Rc1+ 80. Bc4 Re1 81. Bb3 Rc1+ 82. Kd5 Ke7 83. Ra6 Rb1 84. Bc4 Rd1+ 85. Kc5 Re1 86. Rb6 Rc1 87. Rh6 Rd1 88. Bd5 Rc1+ 89. Kd4 Re1 90. Be4 Kd7 91. Kd5 Rd1+ 92. Ke5 Kc7 93. Rc6+ Kd7 94. Ra6 Rc1 95. Rh6 Kc7 96. Rh7+ Kb6 97. Rb7+ Ka6 98. Rb2 Rd1 99. Bd5 Ka5 100. Kd6 Ka6 101. Kc5 Rc1+ 102. Bc4+ Ka7 103. Kd5 Rh1 104. Kd6 Rh6+ 105. Be6 Ka6 106. Rb1 Rg6 107. Kd5 Rh6 108. Bf7 Rb6 109. Ra1+ Kb7 110. Kc5 Rc6+ 111. Kd5 Ra6 112. Rb1+ Kc7 113. Ke5 Rb6 114. Rc1+ Rc6 115. Ra1 Kd7 116. Ra7+ Rc7 117. Be6+ Kd8 118. Ra2 Rb7 119. Bd5 Re7+ 120. Kd6 Rd7+ 121. Ke5 Re7+ 122. Be6 Rb7 123. Rh2 Rg7 124. Kd6 Rd7+ 125. Ke5 Rg7 126. Ra2 Rb7 127. Rh2 Rg7 128. Rc2 1/2-1/2

[Event "AUT-chT 1920"]
[Site "Austria"]
[Date "2020.01.09"]
[Round "5.6"]
[White "Mostbauer, Florian"]
[Black "Grimm, Daniel"]
[Result "1/2-1/2"]
[WhiteElo "2375"]
[BlackElo "2272"]
[PlyCount "130"]
[EventDate "2019.10.10"]
[EventType "team-tourn"]
[EventRounds "11"]
[EventCountry "AUT"]
[SourceTitle "CBM 194 Extra"]
[Source "ChessBase"]
[SourceDate "2020.03.31"]
[SourceVersion "1"]
[SourceVersionDate "2020.03.31"]
[SourceQuality "1"]
[WhiteTeam "Ansfelden"]
[BlackTeam "Bad Voeslau"]
[WhiteTeamCountry "AUT"]
[BlackTeamCountry "AUT"]

1. Nf3 d5 2. e3 Nf6 3. c4 c6 4. Nc3 Bg4 5. Qb3 Qb6 6. Ne5 Be6 7. d4 dxc4 8. Bxc4 Bxc4 9. Qxc4 e6 10. 0-0 Be7 11. Rb1 Qa6 12. b4 Qxc4 13. Nxc4 Nd5 14. Bd2 b5 15. Ne5 f6 16. Nd3 Nd7 17. Nxd5 exd5 18. a4 bxa4 19. Rfc1 Rc8 20. Ra1 Nb6 21. Nb2 0-0 22. Nxa4 Nc4 23. Bc3 Rb8 24. Nb2 Nxb2 25. Bxb2 Bxb4 26. Rxa7 Rfc8 27. g3 Rb5 28. Bc3 Bxc3 29. Rxc3 c5 30. dxc5 Rbxc5 31. Rd3 Rd8 32. Rb3 Kh8 33. Rd7 Rcc8 34. Rbb7 Rxd7 35. Rxd7 Kg8 36. Rxd5 Kf7 37. h4 Rc7 38. Kg2 Ke6 39. Ra5 Rb7 40. g4 Rc7 41. Kg3 g6 42. g5 fxg5 43. hxg5 Rb7 44. f4 Kf7 45. Kf3 Kg7 46. Ra6 Re7 47. e4 Rb7 48. f5 gxf5 49. exf5 Rb1 50. Ra7+ Kg8 51. Rd7 Re1 52. Kf4 Re2 53. Rc7 Re1 54. f6 Rh1 55. Kf5 Kf8 56. Rc8+ Kf7 57. Rc7+ Kf8 58. Ke6 Re1+ 59. Kd6 Rd1+ 60. Ke6 Re1+ 61. Kd7 Rd1+ 62. Kc8 Rg1 63. Rg7 Rc1+ 64. Kd8 Rd1+ 65. Kc7 Rc1+ 1/2-1/2

[Event "AUT-chT 1920"]
[Site "Austria"]
[Date "2019.10.13"]
[Round "4.1"]
[White "Gretz, Denis"]
[Black "Grimm, Daniel"]
[Result "1/2-1/2"]
[WhiteElo "2329"]
[BlackElo "2280"]
[PlyCount "96"]
[EventDate "2019.10.10"]
[EventType "team-tourn"]
[EventRounds "11"]
[EventCountry "AUT"]
[SourceTitle "EXT 2020"]
[Source "ChessBase"]
[SourceDate "2019.10.17"]
[SourceVersion "1"]
[SourceVersionDate "2019.10.17"]
[SourceQuality "1"]
[WhiteTeam "Goetzis"]
[BlackTeam "Bad Voeslau"]
[WhiteTeamCountry "AUT"]
[BlackTeamCountry "AUT"]

1. e4 d5 2. exd5 Qxd5 3. Nc3 Qa5 4. d4 Nf6 5. Nf3 Bf5 6. Bd2 e6 7. Bc4 Bb4 8. 0-0 0-0 9. a3 Bxc3 10. Bxc3 Qb6 11. Qe2 Nc6 12. h3 Rad8 13. Bb5 Be4 14. Bxc6 Bxc6 15. Rfd1 Qb5 16. Qxb5 Bxb5 17. Ne5 Nd7 18. Nd3 Nf6 19. b3 Nd5 20. Bb2 Bxd3 21. Rxd3 Nf4 22. Rd2 e5 23. d5 Rxd5 24. Rxd5 Nxd5 25. Rd1 c6 26. Bxe5 f6 27. Bd4 b6 28. c4 Nc7 29. Be3 Rf7 30. b4 Ne8 31. Rd8 Re7 32. Rc8 Re6 33. a4 Kf7 34. g4 c5 35. bxc5 bxc5 36. Bxc5 Ra6 37. Ra8 Rxa4 38. Rxa7+ Rxa7 39. Bxa7 Nd6 40. c5 Nb5 41. Bb6 Ke6 42. Kg2 Kd5 43. Kf3 Nd4+ 44. Ke3 Ne6 45. h4 Nd4 46. h5 g6 47. h6 Ne6 48. Ba7 Ng5 1/2-1/2

[Event "Budapest-chT1 Lilienthal 1718"]
[Site "Budapest"]
[Date "2017.12.10"]
[Round "5"]
[White "Grimm, Daniel"]
[Black "Paschall, William M"]
[Result "1/2-1/2"]
[WhiteElo "2319"]
[BlackElo "2368"]
[PlyCount "23"]
[EventDate "2017.10.01"]
[EventType "team-tourn"]
[EventRounds "13"]
[EventCountry "HUN"]
[SourceTitle "EXT 2021"]
[Source "ChessBase"]
[SourceDate "2020.10.23"]
[SourceVersion "1"]
[SourceVersionDate "2020.10.23"]
[SourceQuality "1"]
[WhiteTeam "Barcza GSC"]
[BlackTeam "Fabulon"]
[WhiteTeamCountry "HUN"]
[BlackTeamCountry "HUN"]

1. e4 c5 2. Nf3 Nc6 3. d4 cxd4 4. Nxd4 g6 5. c4 Bg7 6. Be3 Nf6 7. Nc3 0-0 8. Be2 d6 9. Qd2 Nxd4 10. Bxd4 Bd7 11. 0-0 Bc6 12. f3 1/2-1/2

[Event "Heinola Suomi 100 ottelu Vierumaki"]
[Site "Heinola"]
[Date "2017.11.18"]
[Round "3"]
[White "Grimm, Daniel"]
[Black "Kiik, Kalle"]
[Result "1/2-1/2"]
[WhiteElo "2315"]
[BlackElo "2411"]
[PlyCount "21"]
[EventDate "2017.11.17"]
[EventType "swiss"]
[EventRounds "3"]
[EventCountry "FIN"]
[SourceTitle "EXT 2022"]
[Source "ChessBase"]
[SourceDate "2021.10.06"]
[SourceVersion "1"]
[SourceVersionDate "2021.10.06"]
[SourceQuality "1"]

1. e4 d6 2. d4 Nf6 3. f3 Nbd7 4. c4 e5 5. Ne2 exd4 6. Qxd4 Ne5 7. Nbc3 Be7 8. Qe3 0-0 9. Nf4 Ng6 10. Nxg6 hxg6 11. Be2 1/2-1/2

[Event "Heinola Suomi 100 ottelu Vierumaki"]
[Site "Heinola"]
[Date "2017.11.17"]
[Round "1"]
[White "Keinanen, Toivo"]
[Black "Grimm, Daniel"]
[Result "1/2-1/2"]
[WhiteElo "2324"]
[BlackElo "2315"]
[PlyCount "113"]
[EventDate "2017.11.17"]
[EventType "swiss"]
[EventRounds "3"]
[EventCountry "FIN"]
[SourceTitle "EXT 2022"]
[Source "ChessBase"]
[SourceDate "2021.10.06"]
[SourceVersion "1"]
[SourceVersionDate "2021.10.06"]
[SourceQuality "1"]

1. c4 c6 2. Nf3 Nf6 3. d4 d5 4. e3 Bg4 5. h3 Bh5 6. cxd5 Bxf3 7. Qxf3 cxd5 8. Nc3 Nc6 9. Bd2 e6 10. Bd3 Be7 11. 0-0 0-0 12. Rac1 Rc8 13. Na4 Nd7 14. a3 f5 15. b4 a6 16. Nc5 Bxc5 17. bxc5 Nf6 18. Qe2 Ne4 19. Be1 Qh4 20. Rb1 f4 21. Qg4 Qxg4 22. hxg4 Rc7 23. f3 Nf6 24. exf4 Nxd4 25. Bf2 Nc6 26. Rfe1 Re8 27. Rb2 g6 28. Rbe2 Kf7 29. g5 Nd7 30. f5 e5 31. g4 e4 32. fxg6+ hxg6 33. fxe4 Nde5 34. exd5 Nf3+ 35. Kf1 Nxe1 36. Bxg6+ Kxg6 37. Rxe8 Nd3 38. dxc6 Rxc6 39. Rg8+ Kf7 40. Rb8 Nxc5 41. Bxc5 Rxc5 42. Rxb7+ Kg6 43. Rb6+ Kxg5 44. Rxa6 Kxg4 45. Ke2 Kf4 46. Kd3 Ke5 47. a4 Kd5 48. Rh6 Rc6 49. Rh5+ Kd6 50. Kd4 Kc7 51. Rb5 Ra6 52. a5 Rh6 53. Rg5 Kb7 54. Kc5 Ka6 55. Rg1 Rh5+ 56. Kc6 Rh6+ 57. Kc5 1/2-1/2

[Event "Fuengirola Uni rapid op"]
[Site "Fuengirola"]
[Date "2017.09.23"]
[Round "7"]
[White "Lysyj, Igor"]
[Black "Grimm, Daniel"]
[Result "1-0"]
[WhiteElo "2618"]
[BlackElo "2319"]
[PlyCount "87"]
[EventDate "2017.09.21"]
[EventType "swiss (rapid)"]
[EventRounds "9"]
[EventCountry "ESP"]
[SourceTitle "CBM 180 Extra"]
[Source "ChessBase"]
[SourceDate "2017.10.06"]
[SourceVersion "1"]
[SourceVersionDate "2017.10.06"]
[SourceQuality "1"]

1. d4 d5 2. c4 c6 3. Nf3 Nf6 4. e3 Bg4 5. Qb3 Qb6 6. Ne5 Qxb3 7. axb3 Bf5 8. f3 e6 9. g4 Bc2 10. Bd3 Bxd3 11. Nxd3 Nbd7 12. Nc3 Be7 13. Ke2 0-0 14. Bd2 h6 15. h4 Rfe8 16. Rag1 Kh7 17. Kf2 Bd6 18. g5 Nh5 19. f4 f5 20. Ne2 Be7 21. Ba5 Rac8 22. Ra1 a6 23. Rhc1 Bd6 24. Bb4 Bc7 25. Ng1 hxg5 26. hxg5 g6 27. Nf3 Kg7 28. Rh1 Kf7 29. Rh3 Rh8 30. Rah1 Rh7 31. Bc3 Rch8 32. Kg2 Kg8 33. Nc5 Nxc5 34. dxc5 Ng7 35. Rh6 Bb8 36. Rxg6 Rxh1 37. Rxg7+ Kf8 38. Rxb7 R8h7 39. Rxb8+ Ke7 40. Rb7+ Ke8 41. Rxh7 Rxh7 42. g6 Rb7 43. cxd5 exd5 44. b4 1-0

[Event "Budapest FS08 GM"]
[Site "Budapest"]
[Date "2017.08.15"]
[Round "9"]
[White "Kaczur, Florian"]
[Black "Grimm, Daniel"]
[Result "1-0"]
[WhiteElo "2446"]
[BlackElo "2326"]
[PlyCount "71"]
[EventDate "2017.08.05"]
[EventType "tourn"]
[EventRounds "9"]
[EventCountry "HUN"]
[EventCategory "6"]
[SourceTitle "CBM 180 Extra"]
[Source "ChessBase"]
[SourceDate "2017.10.06"]
[SourceVersion "1"]
[SourceVersionDate "2017.10.06"]
[SourceQuality "1"]

1. e4 Nf6 2. e5 Nd5 3. d4 d6 4. Nf3 g6 5. Bc4 Nb6 6. Bb3 Bg7 7. a4 dxe5 8. a5 N6d7 9. Bxf7+ Kxf7 10. Ng5+ Kg8 11. Ne6 Qe8 12. Nxc7 Qd8 13. Nxa8 exd4 14. c3 Nc6 15. 0-0 Nc5 16. cxd4 Nxd4 17. Be3 Ncb3 18. Ra4 e5 19. Re1 h6 20. Rb4 Bf5 21. Na3 Nxa5 22. Bxd4 exd4 23. Nc4 Bf8 24. Nxa5 Bxb4 25. Qb3+ Kg7 26. Qxb4 Re8 27. Rxe8 Qxe8 28. Qxd4+ Kh7 29. Qe3 Qxa8 30. Qe7+ Kg8 31. Nxb7 Qc8 32. Nc5 Qb8 33. g4 Qb4 34. gxf5 Qg4+ 35. Kf1 Qc4+ 36. Qe2 1-0

[Event "Budapest FS08 GM"]
[Site "Budapest"]
[Date "2017.08.07"]
[Round "3"]
[White "Grimm, Daniel"]
[Black "Farago, Ivan"]
[Result "1/2-1/2"]
[WhiteElo "2326"]
[BlackElo "2389"]
[PlyCount "62"]
[EventDate "2017.08.05"]
[EventType "tourn"]
[EventRounds "9"]
[EventCountry "HUN"]
[EventCategory "6"]
[SourceTitle "CBM 180 Extra"]
[Source "ChessBase"]
[SourceDate "2017.10.06"]
[SourceVersion "1"]
[SourceVersionDate "2017.10.06"]
[SourceQuality "1"]

1. e4 e6 2. Nf3 d5 3. e5 c5 4. c3 Nc6 5. Bb5 Bd7 6. Ba4 Nge7 7. 0-0 Nf5 8. Bc2 Be7 9. a3 c4 10. d4 h5 11. Nbd2 Qc7 12. b3 cxb3 13. Nxb3 Na5 14. Nxa5 Qxa5 15. Bd2 Qc7 16. a4 g6 17. Bd3 Kf8 18. Ne1 Kg7 19. Nc2 a6 20. Qe2 Bc6 21. Ne3 Qd7 22. Qd1 Rac8 23. Qb3 Rc7 24. Nc2 b5 25. a5 Bb7 26. Ne3 Rhc8 27. h3 Rh8 28. Ra2 Rcc8 29. Bc1 Bd8 30. Bd2 Be7 31. Bc1 Bd8 1/2-1/2